Chiffre 6 dans Pokémon - Statistiques

Statistiques générales
  • Ce quiz a été pris 237 fois
    225 depuis la dernière actualisation
  • Le résultat moyen est 3 sur 6
Answers on the Grid
Answers color-coded by a green-red scale on the quiz's grid according to % correct below.
Le niveau d'un Pokémon qui éclot d'un œuf en troisième génération
Le nombre d'épines sur la tête de Marisson
Le nombre d'évolition jusqu'en quatrième génération
Le nombre de points sur la tête de Regice
Le nombre de badges à gagner dans une région classique
Le nombre de Balls différentes qui existaient en première génération
Le nombre de fois que Reflet peut augmenter l'esquive
Le nombre de formes de Deoxys
Le nombre de Stades à Galar
Le nombre de statistiques d'un Pokémon
Le nombre de têtes de Noeunoeuf
Le nombre maximum de Pokémon dans une équipe
Le numéro de la génération dont l'aventure se déroule à Kalos
Le numéro de la saison qui introduit la région d'Hoenn dans l'animé
Les couleurs des Noigrumes
 
Statistiques - réponses
Réponse % Correct
6 Pokémon Le nombre maximum de Pokémon dans une équipe
74%
6ème génération Le numéro de la génération dont l'aventure se déroule à Kalos
61%
6 statistiques Le nombre de statistiques d'un Pokémon
59%
6 têtes Le nombre de têtes de Noeunoeuf
55%
6 fois Le nombre de fois que Reflet peut augmenter l'esquive
48%
saison 6 Le numéro de la saison qui introduit la région d'Hoenn dans l'animé
29%
Aucun quiz correspondant
Distribution des résultats
% des personnes avec chaque résultat
Percentile par nombre de réponses
Votre historique - résultats
Vous n’avez pas pris ce quiz depuis la dernière actualisation